000 01423nam a22004337a 4500
003 OSt
005 20230519143422.0
008 221006b |||||||| |||| 00| 0 eng d
040 _cBiblioteca Lado V
082 _a700
_bA786l
110 _9830
_aARTEDER
_eEditor
245 _aLAPIZ/
_bRevista Mensual de Arte/
260 _bFeria internacional de Bilbao
_c1984
_aEspaña
300 _c22x29cm
_a74p.
366 _espa
490 _a16
_vII
505 _aTema-Debate
505 _aOpinion
505 _aCrónica de Exposiciones
505 _aEdvard Munch
505 _aEntrevista Rafael Canogar
505 _aJose Antonio Millan
505 _aMuseo de Bellas Artes de Asturias
505 _aLorenzo Suarez de Figueroa
505 _aVorticismo
505 _aFotografia
505 _aLibros
505 _aNoticias
650 _2Tesauro de Arte & Arquitectura
_aARTE
_9703
650 _2Tesauro de Arte & Arquitectura
_aARQUITECTURA
650 _2Tesauro de Arte & Arquitectura
_aFOTOGRAFIA
_9702
650 _2Tesauro de Arte & Arquitectura
_aENTREVISTAS
650 _2Tesauro de Arte & Arquitectura
_aARQUEOLOGIA
650 _2Tesauro de Arte & Arquitectura
_aREPORTAJES
650 _2Tesauro de Arte & Arquitectura
_aLIBROS
650 _2Tesauro de Arte & Arquitectura
_aNOTICIAS
651 _2Tesauro de Arte & Arquitectura
_aSUBASTAS
942 _2ddc
_c1
_h700
_iA786l
_n0
999 _c3667
_d3667